| 000 | 00572nam a22001937a 4500 | ||
|---|---|---|---|
| 005 | 20250721110739.0 | ||
| 008 | 250721b |||||||| |||| 00| 0 eng d | ||
| 020 | _a978-1-111-34132-9 | ||
| 050 | _aCB69 .A35 2012 | ||
| 100 | _aADLER, PHILIP J. | ||
| 245 | _aWORLD CIVILIZATIONS: SINCE 1500 | ||
| 250 | _a6 | ||
| 260 |
_aAUSTRALIA _bWADSWORTH/CENGAGE LEARNING _c2012 |
||
| 300 | _aXXIX, 728P.:ILL | ||
| 500 | _aINCLUDES BIBLIOGRAPHICAL REFERENCES AND INDEX | ||
| 650 | _aCIVILIZATION--HISTORY--TEXTBOOKS | ||
| 700 | _aPOUWELS, RANDALL LEE | ||
| 942 |
_2lcc _cBK |
||
| 999 |
_c215946 _d215946 |
||